Simple World History - Statistics

General Stats
  • This quiz has been taken 39 times
  • The average score is 10 of 20
Answer Stats
Hint Answer % Correct
What Continent Did Humans Originate From? Africa
100%
What continent was The Mali Empire located? Africa
100%
Which nation did Russia invade in 2020? Ukraine
79%
Athens Is Known For Creating This Type of Government: Democracy
76%
King Louis XIV was the king of? France
76%
What Wall did the Qin Empire build? The Great Wall of China
76%
What was the name of the global pandemic from 2019-2023? COVID-19
67%
What modern day Asian country is the British known for colonizing? India
61%
What Country Existed in between The United States and Mexico. Later Joining the USA? Texas
58%
What was the period of time called where art and literature was highly common? The Renaissance
52%
Which country landed on The Moon? The United States
52%
What was the name of the peace treaty that ended WW1? Treaty of Versailles
45%
Which country was The League of Nations unable to stop? Germany
39%
Who did the Romans fight in The Punic Wars? Carthage
33%
What Happened after the death of King Louis XIV The French Revolution
30%
What Muslim majority country was created during Partition? Pakistan
27%
What was the eastern half of The Roman Empire later called? The Byzantine Empire
27%
What was the name of the first North American colony? Jamestown
24%
Which empire built The Machu Picchu? The Inca Empire
21%
What country was The Internet Created in? Switzerland
3%
No matching quizzes found
Score Distribution
Percent of People with Each Score
Percentile by Number Answered
Your Score History
You have not taken this quiz